Discriminación entre esquizofrénicos y otras patologías por medio del índice del pensamiento esquizofrénico de Whitaker (WIST) (Record no. 66128)

MARC details
000 -CABECERA
campo de control de longitud fija 00674nam a2200229 a 4500
005 - FECHA Y HORA DE LA ÚLTIMA TRANSACCIÓN
campo de control 20210219153016.0
008 - ELEMENTOS DE LONGITUD FIJA--INFORMACIÓN GENERAL
campo de control de longitud fija 991125n 000 0 spa u
035 ## - NÚMERO DE CONTROL DEL SISTEMA
Número de control de sistema UPN01000072837
222 ## - TÍTULO CLAVE
Título clave ESTUDIOS DE PSICOLOGIA
245 ## - MENCIÓN DE TÍTULO
Título Discriminación entre esquizofrénicos y otras patologías por medio del índice del pensamiento esquizofrénico de Whitaker (WIST)
260 ## - PUBLICACIÓN, DISTRIBUCIÓN, ETC.
Lugar de publicación, distribución, etc. Madrid, España
300 ## - DESCRIPCIÓN FÍSICA
Extensión 121-125
362 ## - FECHAS DE PUBLICACIÓN Y/O DESIGNACIÓN SECUENCIAL
Fecha de publicación y/o designación secuencial 1998 No. 59
653 0# - TERMINO DE INDIZACION - NO CONTROLADO
Término no controlado DROGADICTOS
653 0# - TERMINO DE INDIZACION - NO CONTROLADO
Término no controlado ESQUIZOFRENIA
653 0# - TERMINO DE INDIZACION - NO CONTROLADO
Término no controlado MALAGA (ESPAÑA)
653 0# - TERMINO DE INDIZACION - NO CONTROLADO
Término no controlado PARANOIA
653 0# - TERMINO DE INDIZACION - NO CONTROLADO
Término no controlado WIST
700 ## - ASIENTO SECUNDARIO--NOMBRE DE PERSONAL
Nombre de persona GODOY, Juan Francisco, coaut.
904 ## - ELEMENTOS DE DATOS D LOCAL, LDD (RLIN)
a AC
b 010648
905 ## - TIPO DE MATERIAL
Tipo de material Articulo

No items available.